[Event "World Rapid 2022"]
[Site "Almaty KAZ"]
[Date "2022.12.26"]
[Round "1.49"]
[White "Nogerbek, Kazybek"]
[Black "Naiditsch, Arkadij"]
[Result "1/2-1/2"]
[WhiteTitle "IM"]
[BlackTitle "GM"]
[WhiteElo "2468"]
[BlackElo "2659"]
[WhiteFideId "13710427"]
[BlackFideId "4650891"]
[EventDate "2022.12.26"]

1. c4 e5 2. Nc3 d6 3. d4 exd4 4. Qxd4 Nc6 5. Qd2 Nf6 6. b3 g6 7. Bb2 Bg7 8. g3
Ne5 9. Bg2 h5 10. Nf3 Nxf3+ 11. Bxf3 O-O 12. O-O a6 13. Nd5 c6 14. Nxf6+ Bxf6
15. Rfd1 Bxb2 16. Qxb2 Qe7 17. Rd4 Be6 18. Rad1 Rfd8 19. Qd2 a5 20. Rxd6 Rxd6
21. Qxd6 Qxd6 22. Rxd6 a4 23. Kg2 Kf8 24. Rd3 Ke7 25. h4 axb3 26. axb3 Ra2 27.
e4 Kf6 28. Kg1 Rb2 29. Bg2 Ke7 30. Bf3 Rb1+ 31. Kg2 Kf6 32. Bd1 Ke5 33. Rd2 b5
34. f4+ Kf6 35. cxb5 cxb5 36. Kf2 Bxb3 37. Bxb3 Rxb3 38. Rd6+ Ke7 39. Rb6 b4 40.
f5 gxf5 41. exf5 Rb1 42. Kg2 b3 43. Kh2 b2 44. Kg2 Kd7 45. g4 hxg4 46. h5 Ra1
47. Rxb2 Ke7 48. Rb6 Ra3 49. h6 Rh3 50. Ra6 Kd7 51. Ra7+ Ke8 52. Ra6 1/2-1/2

[Event "World Rapid 2022"]
[Site "Almaty KAZ"]
[Date "2022.12.26"]
[Round "1.50"]
[White "Sindarov, Javokhir"]
[Black "Kostenko, Petr"]
[Result "1-0"]
[WhiteTitle "GM"]
[BlackTitle "GM"]
[WhiteElo "2654"]
[BlackElo "2374"]
[WhiteFideId "14205483"]
[BlackFideId "13700669"]
[EventDate "2022.12.26"]

1. e4 e5 2. Nf3 Nc6 3. Bc4 Nf6 4. d3 h6 5. O-O d6 6. a4 g6 7. a5 Bg7 8. a6 b6 9.
Bb5 Bd7 10. c4 O-O 11. Nc3 Ne7 12. d4 c6 13. Ba4 Qc7 14. d5 Rfc8 15. dxc6 Bxc6
16. Bxc6 Qxc6 17. Nd2 Nd7 18. b4 Nf8 19. Qa4 h5 20. Qxc6 Rxc6 21. Rd1 Bh6 22.
Nb5 Bxd2 23. Bxd2 Rxc4 24. Nxd6 Rc6 25. Bg5 Nc8 26. Nb5 f6 27. Bh6 Ne7 28. Bxf8
Kxf8 29. Rd7 Rc4 30. Rxa7 Rxa7 31. Nxa7 Rxb4 32. f3 Rb2 33. Nb5 Nc6 34. a7 Nxa7
35. Nxa7 b5 36. Ra6 Kf7 37. Rb6 b4 38. Nc6 Rb1+ 39. Kf2 b3 40. Na5 b2 41. Nc4
Rh1 42. Rxb2 Rxh2 43. Kg1 1-0

[Event "World Rapid 2022"]
[Site "Almaty KAZ"]
[Date "2022.12.26"]
[Round "1.51"]
[White "Agmanov, Zhandos"]
[Black "Niemann, Hans Moke"]
[Result "1/2-1/2"]
[WhiteTitle "IM"]
[BlackTitle "GM"]
[WhiteElo "2442"]
[BlackElo "2698"]
[WhiteFideId "13708309"]
[BlackFideId "2093596"]
[EventDate "2022.12.26"]

1. d4 Nf6 2. c4 e6 3. Nf3 b6 4. a3 Ba6 5. Qc2 c5 6. d5 exd5 7. cxd5 g6 8. Nc3
Bg7 9. e4 Bxf1 10. Kxf1 d6 11. g3 O-O 12. Kg2 Na6 13. Bf4 Re8 14. Rhe1 Nh5 15.
Bg5 Qd7 16. h3 b5 17. a4 Nb4 18. Qd2 bxa4 19. Rad1 c4 20. g4 Nf6 21. Qf4 Qd8 22.
e5 dxe5 23. Qxc4 Qa5 24. Rxe5 h6 25. Rxe8+ Rxe8 26. Bf4 Nd7 27. Bd6 Bf8 28. Bxf8
Rxf8 29. Rd4 Rb8 30. d6 Qc5 31. Nxa4 Qxc4 32. Rxc4 Nd5 33. Nc3 N5f6 34. Ra4 Rxb2
35. Rxa7 Rb6 36. Nd5 Rxd6 37. Nxf6+ Nxf6 38. Ne5 h5 39. Nxf7 Rd7 40. Rxd7 Nxd7
41. Ng5 hxg4 42. hxg4 Kg7 43. f4 Nf6 44. Kf3 Nd5 45. Ne6+ Kf6 46. Nc5 Kf7 47.
Ne4 Ke7 48. Ng5 Nf6 49. Nh3 Kf7 50. Nf2 Nd5 51. Ke4 Nf6+ 52. Ke5 Ke7 53. g5 Nd7+
54. Kd5 Nb6+ 55. Ke4 Kf7 56. Ng4 Nc8 57. Ne5+ Kg7 58. Nf3 Ne7 59. Nd4 Kf7 60.
Ke5 Nc8 61. Nb5 Nb6 62. Nc3 Nc4+ 63. Kd4 Nd6 64. Kd5 Nf5 65. Ne4 Ke7 66. Ke5 Ne3
67. Nf6 Nc4+ 68. Kd5 Ne3+ 69. Ke4 Nf5 70. Ng4 Kf7 71. Ne5+ Kg7 72. Kd5 Ng3 73.
Ke6 Ne2 74. Nd3 Nd4+ 75. Kd5 Nf5 76. Ne5 Ne3+ 77. Ke4 Nf5 78. Nc4 Ng3+ 79. Ke5
Kf7 80. Nd6+ Ke7 81. f5 Nxf5 82. Nxf5+ gxf5 83. g6 f4 84. g7 Kf7 85. Kxf4 Kxg7
86. Ke4 1/2-1/2

[Event "World Rapid 2022"]
[Site "Almaty KAZ"]
[Date "2022.12.26"]
[Round "1.52"]
[White "Savchenko, Boris"]
[Black "Sankalp, Gupta"]
[Result "0-1"]
[WhiteTitle "GM"]
[BlackTitle "GM"]
[WhiteElo "2552"]
[BlackElo "2485"]
[WhiteFideId "4147332"]
[BlackFideId "5097010"]
[EventDate "2022.12.26"]

1. c4 e5 2. g3 Nc6 3. Bg2 f5 4. Nf3 e4 5. Nh4 d6 6. f4 Be7 7. O-O Bxh4 8. gxh4
Qxh4 9. d3 Nf6 10. Nc3 exd3 11. Qxd3 O-O 12. b3 Be6 13. Bb2 Rf7 14. Rf3 Ng4 15.
h3 Nf6 16. Raf1 Re8 17. Re3 Rfe7 18. Nd5 Bxd5 19. Rxe7 Nxe7 20. cxd5 Ng6 21. e3
Qg3 22. Bxf6 Rxe3 23. Qc2 gxf6 24. Kh1 Nxf4 25. Rg1 Re2 26. Be4 Re1 0-1

[Event "World Rapid 2022"]
[Site "Almaty KAZ"]
[Date "2022.12.26"]
[Round "1.54"]
[White "Najer, Evgeniy"]
[Black "Zhalmakhanov, Ramazan"]
[Result "1-0"]
[WhiteTitle "GM"]
[BlackTitle "IM"]
[WhiteElo "2662"]
[BlackElo "2401"]
[WhiteFideId "4118987"]
[BlackFideId "13706357"]
[EventDate "2022.12.26"]

1. d4 d5 2. c4 e6 3. Nc3 Nf6 4. cxd5 exd5 5. Bg5 c6 6. e3 Be7 7. Bd3 Nbd7 8.
Nge2 Nf8 9. O-O Ne6 10. Bh4 O-O 11. b4 g6 12. Rb1 a6 13. Na4 Ng7 14. Nc5 Nf5 15.
Bg5 Re8 16. h3 Nd6 17. Qc2 Nh5 18. Bxe7 Qxe7 19. a4 Qh4 20. Kh2 Nf6 21. Ng1 Qh5
22. Rbe1 a5 23. bxa5 Rxa5 24. Rb1 Nfe4 25. Bxe4 dxe4 26. Ne2 Qh4 27. Rb2 Ra7 28.
Qb3 Qd8 29. Rc1 Be6 30. Nxe6 Rxe6 31. Nf4 Re8 32. d5 cxd5 33. Nxd5 Qg5 34. Rd2
Qe5+ 35. Kg1 Kg7 36. Qb4 Nf5 37. Nb6 Nh4 38. Rd5 Qf6 39. Nd7 Qe7 40. Qd4+ 1-0

[Event "World Rapid 2022"]
[Site "Almaty KAZ"]
[Date "2022.12.26"]
[Round "1.55"]
[White "Uskov, Artem"]
[Black "Adly, Ahmed"]
[Result "1-0"]
[WhiteTitle "FM"]
[BlackTitle "GM"]
[WhiteElo "2376"]
[BlackElo "2596"]
[WhiteFideId "34254854"]
[BlackFideId "10601619"]
[EventDate "2022.12.26"]

1. e4 c5 2. Nf3 Nf6 3. Nc3 Nc6 4. d4 cxd4 5. Nxd4 d6 6. Bg5 Bd7 7. Qd2 Rc8 8.
O-O-O Nxd4 9. Qxd4 Qa5 10. Bxf6 gxf6 11. Kb1 Qc5 12. Qd2 e6 13. f4 b5 14. e5 f5
15. exd6 a6 16. g4 b4 17. Ne2 fxg4 18. Ng3 Bg7 19. h3 h5 20. hxg4 hxg4 21. Rxh8+
Bxh8 22. Bxa6 Ra8 23. Qh2 Bd4 24. Ne4 Qb6 25. Qh4 Kf8 26. Qe7+ Kg7 27. Ng5 Rf8 1-0

[Event "World Rapid 2022"]
[Site "Almaty KAZ"]
[Date "2022.12.26"]
[Round "1.56"]
[White "Predke, Alexandr"]
[Black "Gharibyan, Mamikon"]
[Result "1/2-1/2"]
[WhiteTitle "GM"]
[BlackTitle "IM"]
[WhiteElo "2684"]
[BlackElo "2480"]
[WhiteFideId "24107581"]
[BlackFideId "13308300"]
[EventDate "2022.12.26"]

1. Nf3 d5 2. g3 g6 3. Bg2 Bg7 4. d4 Nf6 5. O-O O-O 6. a4 Nc6 7. a5 Ne4 8. c3 e5
9. Nxe5 Nxe5 10. dxe5 Bxe5 11. c4 c6 12. cxd5 cxd5 13. Nd2 Nxd2 14. Bxd2 Bxb2
15. Rb1 Qf6 16. Qb3 Bd4 17. e3 Be5 18. f4 Bc7 19. Bxd5 Bf5 20. e4 Bh3 21. Rfc1
Qe7 22. Qxb7 Rfc8 23. Rxc7 Rxc7 24. Qxa8+ Rc8 25. Qb7 Qc5+ 26. Kh1 Rc7 27. Qb8+
Rc8 28. Qb7 Rc7 29. Qa8+ Kg7 30. Qe8 Qf2 31. Qe5+ Kh6 32. Qg5+ Kg7 33. e5 Qxd2
34. Qf6+ Kh6 35. Qh4+ Kg7 36. Qf6+ Kh6 37. Qg5+ Kg7 38. Qf6+ 1/2-1/2

[Event "World Rapid 2022"]
[Site "Almaty KAZ"]
[Date "2022.12.26"]
[Round "1.57"]
[White "Vetokhin, Savva"]
[Black "Sjugirov, Sanan"]
[Result "0-1"]
[WhiteTitle "IM"]
[BlackTitle "GM"]
[WhiteElo "2354"]
[BlackElo "2712"]
[WhiteFideId "44144474"]
[BlackFideId "4189302"]
[EventDate "2022.12.26"]

1. d4 Nf6 2. c4 e6 3. Nc3 Bb4 4. e3 Bxc3+ 5. bxc3 b6 6. Bd3 Bb7 7. Ne2 Bxg2 8.
Rg1 Be4 9. Rxg7 Bg6 10. Ng3 Kf8 11. e4 Kxg7 12. Bg5 h6 13. Bh4 d6 14. f4 Nbd7
15. e5 dxe5 16. fxe5 Nxe5 17. dxe5 Qxd3 18. Bxf6+ Kh7 19. Qxd3 Bxd3 20. Rd1 Bxc4
21. Rd7 Rhf8 22. Rxc7 Bxa2 23. Ne4 a5 24. Nd6 Kg6 25. Be7 Rg8 26. Bf6 a4 27.
Rxf7 a3 28. Be7 Bb1 29. Rf6+ Kh7 30. Rf7+ Rg7 0-1

[Event "World Rapid 2022"]
[Site "Almaty KAZ"]
[Date "2022.12.26"]
[Round "1.59"]
[White "Haldorsen, Benjamin"]
[Black "Mamedov, Rauf"]
[Result "0-1"]
[WhiteTitle "IM"]
[BlackTitle "GM"]
[WhiteElo "2449"]
[BlackElo "2646"]
[WhiteFideId "1512633"]
[BlackFideId "13401653"]
[EventDate "2022.12.26"]

1. e4 c5 2. Nf3 Nc6 3. Bb5 g6 4. Bxc6 dxc6 5. d3 Bg7 6. h3 b6 7. O-O Nf6 8. Nc3
Nd7 9. Be3 e5 10. Qd2 Nf8 11. Bh6 Bf6 12. Bg5 Ne6 13. Bxf6 Qxf6 14. Nh2 Nf4 15.
Ne2 g5 16. Nxf4 gxf4 17. Kh1 Be6 18. Qc3 Rg8 19. Rg1 O-O-O 20. b4 c4 21. Nf3 Qh6
22. Qxe5 cxd3 23. Qc3 Bg4 24. Nh2 Be2 25. cxd3 Rxd3 26. Qe5 Qg5 27. Qxg5 Rxg5
28. Rac1 Kb7 29. Rc2 Bd1 30. Rc1 Bh5 31. Rc2 Rb5 32. Rgc1 Rxb4 33. Rxc6 Rxe4 34.
Rc7+ Ka6 35. f3 Re2 36. Nf1 Ra3 37. R1c2 Rxa2 38. Rxe2 Rxe2 39. Rc4 Bg6 40. Kh2
Rf2 41. Kg1 Rxf1+ 0-1

[Event "World Rapid 2022"]
[Site "Almaty KAZ"]
[Date "2022.12.26"]
[Round "1.60"]
[White "Aravindh, Chithambaram VR."]
[Black "Khripachenko, Alexander"]
[Result "1-0"]
[WhiteTitle "GM"]
[BlackTitle "FM"]
[WhiteElo "2607"]
[BlackElo "2219"]
[WhiteFideId "5072786"]
[BlackFideId "54184975"]
[EventDate "2022.12.26"]

1. c4 e5 2. Nc3 Bb4 3. g3 Nf6 4. Bg2 O-O 5. Nf3 Bxc3 6. bxc3 e4 7. Nd4 Re8 8.
O-O Nc6 9. f3 exf3 10. Nxf3 d5 11. cxd5 Qxd5 12. Nd4 Qc4 13. e3 Ne5 14. Qb3 Qd3
15. Qb5 c6 16. Qxd3 Nxd3 17. a4 Bd7 18. Rb1 Rab8 19. Ba3 c5 20. Nb5 Ne4 21. Nc7
Nxd2 22. Nxe8 Nxb1 23. Rxb1 Bxe8 24. Be4 c4 25. Bd6 Rd8 26. Bc7 Rc8 27. Rxb7 Nc5
28. Bf5 Ra8 29. Rb4 Nxa4 30. Rxc4 Bb5 31. Rb4 Bc6 32. Bc2 Rc8 33. Be5 Nb6 34. e4
Bd7 35. Bd4 Be6 36. Rb5 h6 37. Ra5 Rc7 38. Kf2 f6 39. h4 Kf7 40. h5 Ke7 41. e5
f5 42. Kf3 Nc4 43. Ra6 Nb6 1-0

[Event "World Rapid 2022"]
[Site "Almaty KAZ"]
[Date "2022.12.26"]
[Round "1.61"]
[White "Gurel, Ediz"]
[Black "Martirosyan, Haik M."]
[Result "0-1"]
[WhiteTitle "IM"]
[BlackTitle "GM"]
[WhiteElo "2454"]
[BlackElo "2682"]
[WhiteFideId "44507356"]
[BlackFideId "13306553"]
[EventDate "2022.12.26"]

1. e4 e6 2. d4 d5 3. Nd2 c5 4. exd5 Qxd5 5. Ngf3 cxd4 6. Bc4 Qd7 7. O-O Nc6 8.
Nb3 a6 9. Nbxd4 Nxd4 10. Nxd4 Qc7 11. Bb3 Bd6 12. h3 Ne7 13. Re1 O-O 14. Qe2 Ng6
15. c3 b6 16. Bc2 Bb7 17. Be4 Rae8 18. Bxb7 Qxb7 19. Qf3 Qxf3 20. Nxf3 e5 21.
Be3 Bc7 22. Rad1 f6 23. Nd2 Re6 24. c4 f5 25. f3 e4 26. fxe4 fxe4 27. Re2 Rfe8
28. b3 Ne7 29. Nf1 Nf5 30. Rd5 g6 31. Rd7 Be5 32. Nd2 Bc3 33. Nf1 Bb4 34. Rb7
Rf8 35. Bd2 Bc5+ 36. Be3 Nxe3 37. Nxe3 Ref6 38. Kh2 Rf2 39. Rxf2 Rxf2 40. Nd5 e3
41. Rb8+ Kf7 42. Rb7+ Ke6 43. b4 Rf7 44. Rxf7 Kxf7 45. Nc3 Bxb4 46. Ne2 Ke6 47.
Kg3 Kd6 48. Kf4 Kc5 49. Kxe3 Kxc4 50. Nf4 Be7 51. Ke4 b5 52. g4 a5 53. Nd5 Bc5
54. Nf4 a4 55. Nd3 Bd6 56. h4 Kc3 57. Ne1 b4 0-1

[Event "World Rapid 2022"]
[Site "Almaty KAZ"]
[Date "2022.12.26"]
[Round "1.62"]
[White "Harsha, Bharathakoti"]
[Black "Madaminov, Mukhiddin"]
[Result "1-0"]
[WhiteTitle "GM"]
[BlackTitle "IM"]
[WhiteElo "2593"]
[BlackElo "2438"]
[WhiteFideId "5078776"]
[BlackFideId "14210703"]
[EventDate "2022.12.26"]

1. Nf3 Nf6 2. g3 g6 3. b3 Bg7 4. Bb2 O-O 5. Bg2 d6 6. d4 Nbd7 7. O-O e5 8. dxe5
Ng4 9. Qd2 Ngxe5 10. c4 Nxf3+ 11. Bxf3 Ne5 12. Bg2 c6 13. Nc3 Qb6 14. Rad1 Rd8
15. h3 Be6 16. Kh2 Nd7 17. Na4 Qc7 18. Bxg7 Kxg7 19. Qxd6 Qxd6 20. Rxd6 Nb6 21.
Rxd8 Rxd8 22. Nc5 Bc8 23. Nd3 a5 24. g4 h6 25. Rc1 f5 26. Bf3 g5 27. c5 Nd5 28.
Rc4 fxg4 29. hxg4 Nf6 30. Ra4 Re8 31. Kg3 h5 32. gxh5 g4 33. Bg2 Nxh5+ 34. Kh4
Kg6 35. Be4+ Kh6 36. e3 Rd8 37. Rd4 Rxd4 38. exd4 Nf6 39. Bg2 Bf5 40. Ne5 Bb1
41. a3 Bc2 42. Nxg4+ Kg7 43. Nxf6 Kxf6 44. b4 axb4 45. axb4 Kf5 46. Kg3 Bb3 47.
f3 Ke6 48. Kf4 Kd5 49. Ke3 Kc4 50. Bh3 Bd1 51. f4 Kxb4 52. Bc8 Kc4 53. Bxb7 Kd5
54. f5 Bh5 55. Bc8 Bf7 56. Be6+ Bxe6 57. fxe6 Kxe6 58. Ke4 Kd7 59. Kf5 Ke7 60.
Ke5 1-0

[Event "World Rapid 2022"]
[Site "Almaty KAZ"]
[Date "2022.12.26"]
[Round "1.63"]
[White "Tsaruk, Maksim"]
[Black "Maze, Sebastien"]
[Result "0-1"]
[WhiteTitle "FM"]
[BlackTitle "GM"]
[WhiteElo "2373"]
[BlackElo "2538"]
[WhiteFideId "13511173"]
[BlackFideId "613762"]
[EventDate "2022.12.26"]

1. e4 c6 2. d4 d5 3. Nd2 dxe4 4. Nxe4 Bf5 5. Ng3 Bg6 6. h4 h6 7. Nf3 Nd7 8. h5
Bh7 9. Bd3 Bxd3 10. Qxd3 e6 11. Bd2 Ngf6 12. O-O-O Qb6 13. Rhe1 Be7 14. Nh4
O-O-O 15. Nhf5 Bf8 16. Nh4 Bd6 17. f4 Qc7 18. Qf3 c5 19. dxc5 Nxc5 20. Kb1 Nd5
21. Ngf5 Bf8 22. Nd4 Be7 23. Qf2 Bf6 24. Nhf3 Qb6 25. Ka1 Rd7 26. Ne5 Bxe5 27.
fxe5 Rhd8 28. Qg3 Ne7 29. c3 Nf5 30. Nxf5 exf5 31. Qxg7 Rxd2 32. Rxd2 Rxd2 33.
Qf8+ Rd8 34. Qxf7 Qe6 35. Qg7 Rg8 36. Qf6 Qxf6 37. exf6 Ne4 38. g4 Nxf6 39. gxf5
Rg5 40. a4 Kd7 41. Rd1+ Ke7 42. Re1+ Kf7 43. Re5 Rxh5 44. Rb5 b6 45. a5 Nd7 46.
Kb1 Rh2 47. Kc1 h5 48. Kd1 h4 49. Ke1 h3 50. Kf1 Rd2 51. Kg1 Nf6 0-1

[Event "World Rapid 2022"]
[Site "Almaty KAZ"]
[Date "2022.12.26"]
[Round "1.64"]
[White "Yakubboev, Nodirbek"]
[Black "Tologon tegin, Semetei"]
[Result "1-0"]
[WhiteTitle "GM"]
[BlackTitle "IM"]
[WhiteElo "2647"]
[BlackElo "2394"]
[WhiteFideId "14203987"]
[BlackFideId "13800574"]
[EventDate "2022.12.26"]

1. c4 c5 2. Nc3 Nc6 3. Nf3 e5 4. g3 g6 5. Bg2 Bg7 6. d3 Nge7 7. Nd2 d6 8. Nf1
O-O 9. Ne3 Rb8 10. O-O a6 11. b3 Be6 12. Ned5 b5 13. Bb2 b4 14. Nxe7+ Nxe7 15.
Ne4 f5 16. Ng5 Bd7 17. f4 h6 18. Nh3 Bc6 19. e4 Qd7 20. Qd2 Rbe8 21. Rae1 Kh7
22. Nf2 Bb7 23. h4 exf4 24. Bxg7 Kxg7 25. gxf4 Nc6 26. Qe3 Nd4 27. Qg3 Kh7 28.
Kh2 Qf7 29. Nh3 Re6 30. Rg1 Rfe8 31. Nf2 Rf8 32. Nh3 a5 33. Bh1 a4 34. bxa4 Ra8
35. Qf2 fxe4 36. dxe4 Rxa4 37. h5 Ra3 38. Rg3 Rxg3 39. Qxg3 gxh5 40. f5 Re5 41.
Nf4 Re8 42. Ng6 Qf6 43. Bg2 Bc6 44. Re3 Ra8 45. a3 b3 46. Rxb3 Nxb3 47. Qxb3 Re8
48. Qb6 Ba8 49. Qa7+ Qg7 50. Qa4 Qf7 51. Qc2 Bc6 52. Qc3 Qg7 53. Qd3 Qd4 54. Qb3
Bxe4 55. Qa4 Rd8 56. Qa7+ Kg8 57. Qe7 Rb8 58. f6 Rb7 1-0

[Event "World Rapid 2022"]
[Site "Almaty KAZ"]
[Date "2022.12.26"]
[Round "1.65"]
[White "Sapenov, Daniyal"]
[Black "Moiseenko, Alexander"]
[Result "0-1"]
[WhiteTitle "FM"]
[BlackTitle "GM"]
[WhiteElo "2323"]
[BlackElo "2577"]
[WhiteFideId "13728911"]
[BlackFideId "14102560"]
[EventDate "2022.12.26"]

1. d4 Nf6 2. c4 e6 3. Nf3 Bb4+ 4. Bd2 Qe7 5. g3 Bxd2+ 6. Qxd2 Nc6 7. b3 a5 8.
Nc3 a4 9. Rb1 axb3 10. axb3 d5 11. Bg2 O-O 12. O-O Rd8 13. Qe3 h6 14. Rfc1 Bd7
15. Nb5 Be8 16. Qf4 Rdc8 17. Ne5 Nb4 18. Nc3 Na2 19. Nxa2 Rxa2 20. Bf3 Rca8 21.
h4 c6 22. Kg2 Nd7 23. Nd3 Nf8 24. Qe3 Qf6 25. b4 Ng6 26. Rc3 Ne7 27. Ne5 Nf5 28.
Qd3 Nd6 29. Qe3 dxc4 30. Nxc4 Nf5 31. Qf4 Qxd4 32. Qxd4 Nxd4 33. Nd6 Nxe2 34.
Rd3 e5 35. Nxe8 Rxe8 36. Re1 e4 0-1

[Event "World Rapid 2022"]
[Site "Almaty KAZ"]
[Date "2022.12.26"]
[Round "1.66"]
[White "Riazantsev, Alexander"]
[Black "Kazakov, Konstantin"]
[Result "1/2-1/2"]
[WhiteTitle "GM"]
[BlackTitle "IM"]
[WhiteElo "2626"]
[BlackElo "2385"]
[WhiteFideId "4125029"]
[BlackFideId "13700898"]
[EventDate "2022.12.26"]

1. d4 Nf6 2. Nf3 b6 3. Bf4 Bb7 4. e3 g6 5. h3 Bg7 6. Be2 O-O 7. O-O d6 8. c3
Nbd7 9. Nbd2 Ne4 10. Nxe4 Bxe4 11. a4 a5 12. Nd2 Bb7 13. Bf3 Qc8 14. Bxb7 Qxb7
15. e4 c6 16. Nc4 b5 17. axb5 cxb5 18. Nxa5 Qxe4 19. Bg5 Nf6 20. Qb3 Qd5 21.
Bxf6 Qxb3 22. Nxb3 Bxf6 23. Rfd1 Ra4 24. Kf1 Rfa8 25. Ke2 Kf8 26. Kd3 Ke8 27. g4
Kd7 28. f4 h6 29. Rxa4 Rxa4 30. Rf1 e6 31. Nd2 Ra2 32. Kc2 Ra8 33. Kb3 Be7 34.
Nb1 Ra1 35. Nd2 Rxf1 36. Nxf1 d5 37. Ng3 Bd6 38. Ne2 f5 39. Kc2 fxg4 40. hxg4 h5
41. gxh5 gxh5 42. Kd3 Ke7 43. Ke3 Kf6 44. Kf3 Kg6 45. Ng3 h4 46. Nf1 Kh5 47. Ne3
h3 48. f5 h2 49. Kg2 exf5 50. Nxf5 Bf4 51. Ne7 Bc1 52. b3 Bb2 53. Nxd5 Kg5 54.
Kxh2 Kf5 55. Ne3+ Ke4 56. Nd1 Ba1 57. b4 Bxc3 58. Nxc3+ Kxd4 59. Nxb5+ Kc4 60.
Nd6+ Kxb4 1/2-1/2

[Event "World Rapid 2022"]
[Site "Almaty KAZ"]
[Date "2022.12.26"]
[Round "1.67"]
[White "Mamatov, Melis"]
[Black "Ponkratov, Pavel"]
[Result "1/2-1/2"]
[WhiteTitle "FM"]
[BlackTitle "GM"]
[WhiteElo "2399"]
[BlackElo "2577"]
[WhiteFideId "13800027"]
[BlackFideId "4157800"]
[EventDate "2022.12.26"]

1. e4 e6 2. d4 d5 3. Nc3 Bb4 4. a3 Bxc3+ 5. bxc3 dxe4 6. Qg4 Nf6 7. Qxg7 Rg8 8.
Qh6 c5 9. Bb2 Rg6 10. Qd2 Nc6 11. O-O-O Bd7 12. f3 cxd4 13. cxd4 Rc8 14. Nh3 Na5
15. Kb1 Ba4 16. Rc1 Qb6 17. Nf4 Rg8 18. Qb4 Qxb4 19. axb4 Nc4 20. Bxc4 Rxc4 21.
c3 Bc6 22. Rhf1 Rg5 23. Kc2 Nh5 24. fxe4 Bxe4+ 25. Kb3 Nxf4 26. Rxf4 Bd5 27. g3
Rxd4+ 28. c4 Rxc4 29. Rcxc4 b5 30. Kc2 bxc4 31. Bf6 Rg6 32. b5 Rh6 33. h4 Be4+
34. Kc3 Bd3 35. g4 e5 36. Bxe5 Rb6 37. Bd4 Rxb5 38. Bxa7 Rb3+ 39. Kd4 Rb1 40.
Bc5 Rd1 41. Bb4 Rh1 42. g5 Rh2 43. Bc3 Kf8 44. Bb4+ Kg7 45. Bc3 Kg6 46. Be1 Re2
47. Ba5 Kh5 48. Rxf7 Kxh4 49. Bd8 Re8 50. Bf6 Kg4 51. Re7 Rc8 52. Re1 Rc6 53.
Be7 Kf3 54. Kc3 Rb6 55. Rc1 Ke2 56. Rh1 Rb3+ 57. Kd4 Rb7 58. Bf6 Kd2 59. Rh2+
Be2 60. Ke4 Rc7 61. g6 hxg6 62. Bg5+ Ke1 63. Ke3 Bf1 64. Ra2 Kd1 65. Ra1+ Kc2
66. Rxf1 c3 67. Bf6 Rc6 68. Bxc3 Rxc3+ 69. Kf4 Rc5 70. Rg1 g5+ 71. Rxg5 Rxg5 72.
Kxg5 1/2-1/2

[Event "World Rapid 2022"]
[Site "Almaty KAZ"]
[Date "2022.12.26"]
[Round "1.68"]
[White "Amin, Bassem"]
[Black "Begmuratov, Khumoyun"]
[Result "1-0"]
[WhiteTitle "GM"]
[BlackTitle "FM"]
[WhiteElo "2682"]
[BlackElo "2399"]
[WhiteFideId "10601457"]
[BlackFideId "14210207"]
[EventDate "2022.12.26"]

1. e4 e5 2. Nf3 Nc6 3. Bc4 Nf6 4. d3 h6 5. O-O d6 6. a4 g6 7. a5 a6 8. Nc3 Bg7
9. h3 O-O 10. Re1 Be6 11. Bxe6 fxe6 12. Be3 Kh7 13. d4 exd4 14. Nxd4 Nxd4 15.
Bxd4 e5 16. Be3 Qe8 17. Ra4 Rf7 18. Qd3 Rd8 19. Rb4 c6 20. Qe2 d5 21. exd5 cxd5
22. Bb6 Rdd7 23. Na4 Rde7 24. c4 Qc6 25. b3 d4 26. Bc5 Re8 27. Rb6 Qc8 28. Qd3
e4 29. Qxd4 Nd7 30. Qe3 Nxb6 31. Nxb6 Qe6 32. Nd5 Rd7 33. f3 Rxd5 34. cxd5 Qxd5
35. fxe4 Qe5 36. b4 Rd8 37. Rf1 Qe6 38. Kh1 Kg8 39. Qf3 Rd7 40. Re1 Rf7 41. Qg3
Be5 42. Qd3 Rd7 43. Qe3 Kh7 44. Bf8 g5 45. Bc5 Qc4 46. Rc1 Qe6 47. Rf1 Bf4 48.
Qf3 Qc4 49. e5 Qe6 50. Bd6 Kg8 51. Qc3 Rf7 52. Rd1 Rf5 53. Qc7 Rf7 54. Qc5 Bg3
55. Qe3 Bf4 56. Qe4 Rd7 57. Re1 Bg3 58. Re3 Bf4 59. Re2 Rf7 60. Qd3 Rd7 61. Qc2
Rf7 62. Qd3 Rd7 63. Re1 Rf7 64. Kg1 g4 65. hxg4 h5 66. gxh5 Rg7 67. Qf3 Qc4 68.
Rf1 Qd4+ 69. Kh1 Bg3 70. Qf8+ Kh7 71. Qf5+ Kg8 72. Qc8+ Kh7 73. Qc2+ Kh8 74.
Rf8+ Rg8 75. Rxg8+ Kxg8 76. Qg6+ Kh8 77. Qxg3 1-0

[Event "World Rapid 2022"]
[Site "Almaty KAZ"]
[Date "2022.12.26"]
[Round "1.69"]
[White "Ansat, Aldiyar"]
[Black "Demchenko, Anton"]
[Result "0-1"]
[WhiteTitle "IM"]
[BlackTitle "GM"]
[WhiteElo "2291"]
[BlackElo "2632"]
[WhiteFideId "13715658"]
[BlackFideId "4160258"]
[EventDate "2022.12.26"]

1. e4 e5 2. Nf3 Nc6 3. Bb5 a6 4. Ba4 d6 5. c3 Bd7 6. O-O g6 7. d4 Bg7 8. Be3 Nf6
9. Nbd2 O-O 10. h3 Re8 11. Bc2 a5 12. Re1 a4 13. d5 Nb8 14. b4 axb3 15. axb3 Na6
16. b4 Nh5 17. Bd3 Nf4 18. Bf1 f5 19. Qc2 Nxh3+ 20. gxh3 f4 21. Bxf4 exf4 22.
Nb3 Qf6 23. b5 Qxc3 24. Qxc3 Bxc3 25. bxa6 bxa6 26. Nfd2 Bxa1 27. Rxa1 a5 28.
Rxa5 Rxa5 29. Nxa5 Kf7 30. h4 Kf6 31. Kg2 h6 32. Nab3 g5 33. hxg5+ hxg5 34. Nd4
g4 35. Bb5 Bxb5 36. Nxb5 Ra8 37. Nc4 Ra4 38. Nba3 Rb4 39. Kf1 Kg5 40. Nd2 Rb2
41. Nac4 Ra2 42. Kg2 Rc2 43. Kh2 Rc1 44. Kg2 f3+ 45. Kh2 Kf4 46. Nb2 g3+ 47.
fxg3+ Ke3 48. Nxf3 Kxf3 49. Nd3 Rc3 50. Nf4 Kg4 51. Ne6 Rc2+ 52. Kg1 Kxg3 53.
Kf1 Rb2 54. e5 dxe5 55. Nxc7 Kf3 56. Ke1 e4 57. Ne6 Ke3 58. Kf1 Rd2 59. Nc7 Rd1+
60. Kg2 Ke2 61. Kg3 e3 62. Ne6 Rxd5 63. Nf4+ Kd2 64. Nxd5 e2 0-1

[Event "World Rapid 2022"]
[Site "Almaty KAZ"]
[Date "2022.12.26"]
[Round "1.70"]
[White "Sargsyan, Shant"]
[Black "Shishkov, Andrei"]
[Result "1-0"]
[WhiteTitle "GM"]
[BlackTitle "IM"]
[WhiteElo "2645"]
[BlackElo "2340"]
[WhiteFideId "13306766"]
[BlackFideId "4500563"]
[EventDate "2022.12.26"]

1. d4 Nf6 2. c4 e6 3. g3 d5 4. Nf3 dxc4 5. Bg2 Nc6 6. Qa4 Bb4+ 7. Bd2 Nd5 8.
Bxb4 Nxb4 9. O-O Rb8 10. Na3 O-O 11. Qb5 b6 12. Qxc4 Ba6 13. Nb5 Qe8 14. Rfd1
Nd5 15. e4 Nf6 16. a4 Na5 17. Qc2 Bxb5 18. axb5 Qxb5 19. e5 Nd5 20. Ng5 g6 21.
Ne4 Rfc8 22. h4 Qb4 23. Ra3 Nc4 24. Ra4 Nce3 25. fxe3 Nxe3 26. Rxb4 Nxc2 27. Rb3
Rd8 28. d5 exd5 29. Nf6+ Kg7 30. Rd2 Ne1 31. Bf1 d4 32. Kf2 1-0